Como escrever e usar estudos de caso para ensino e aprendizagem no setor público / (Record no. 1445)

MARC details
000 -LÍDER
Campo Fixo de Controle 00904nam a2200265 a 4500
001 - NÚMERO DE CONTROLE
Campo de Controle 1445
003 - IDENTIFICAÇÃO DO NÚMERO DE CONTROLE
Campo de Controle BR-CuiBMT
005 - DATA E HORA DA ÚLTIMA ATUALIZAÇÃO
Campo de Controle 20231210170451.0
008 - DADOS FIXOS
Dados Fixos 231210s2010 dfba 000 0 por d
020 ## - INTERNATIONAL STANDARD BOOK NUMBER
Nº do ISBN 9788525600707
040 ## - AGÊNCIA CATALOGADORA
Código da Agência Catalogadora BR-CuiBMT
Agência que transcreveu o registro BR-CuiBMT
080 ## - Nº DA CLASSIFICAÇÃO DECIMAL UNIVERSAL
Nº Class. CDU 35:001.87
Subd. Auxiliar Comum (075.4)
Nº edição CDU 2007
090 ## - NÚMERO DE CHAMADA
Nº classificação 35:001.87(075.4)
Cutter G738c
100 1# - ENTRADA PRINCIPAL -- AUTOR PESSOAL
Nome pessoal Graham, Andrew
245 10 - TÍTULO PRINCIPAL
Título principal Como escrever e usar estudos de caso para ensino e aprendizagem no setor público /
Indicação de responsabilidade Andrew Graham.
260 ## - PUBLICAÇÃO, DISTRIBUIÇÃO, ETC.
Local de publicação Brasília :
Editora ENAP,
Data 2010.
300 ## - DESCRIÇÃO FÍSICA
N. páginas ou volumes 212 p. :
Ilustrações il. ;
Dimensões 30 cm
490 1# - INDICAÇÃO DE SÉRIE
Título da série Coleção ENAP ; Estudos de caso.
504 ## - NOTA DE BIBLIOGRAFIA, ETC.
Nota de bibliografia Inclui bibliografia.
650 ## - ASSUNTO TÓPICO
Cabeçalho tópico ou nome geográfico Administração pública
Subdivisão geral Estudo de caso
-- Ensino e aprendizagem
650 ## - ASSUNTO TÓPICO
Cabeçalho tópico ou nome geográfico Qualificação profissional
Subdivisão geral Estudo e ensino
650 ## - ASSUNTO TÓPICO
Cabeçalho tópico ou nome geográfico Setor público
Subdivisão geral Treinamento
-- Aprendizagem
830 #0 - ENTRADA SECUNDÁRIA DE SÉRIE -- TÍTULO UNIFORME
Título uniforme ENAP ;
Nome da parte/seção da publicação Estudos de caso
942 ## - ELEMENTOS DE ENTRADA ADICIONAIS (KOHA)
Fonte de classificação ou esquema de arquivamento Classificação Decimal Universal
Tipo de item do Koha Livros
Holdings
Estado: removido Estado: perdido Fonte de classificação ou esquema de arquivamento Estado: danificado Indisponível para empréstimo Localização permanente Localização atual Data de aquisição Total Checkouts Número de Chamada completo Código de barras Date last seen Número do exemplar Preço efetivo a partir de Tipo de item (Koha)
    Classificação Decimal Universal     Biblioteca da Escola Superior de Contas do TCE/MT Biblioteca da Escola Superior de Contas do TCE/MT 10/12/2023   35:001.87(075.4) G738c BIBTCEMT23120335 10/12/2023 Ex. 1 10/12/2023 Livros

Powered by Koha